[Event "Olympiad-42"]
[Site "Baku"]
[Date "2016.09.04"]
[Round "3.2"]
[White "Almasi, Zoltan"]
[Black "Radjabov, Teimour"]
[Result "1-0"]
[WhiteElo "2684"]
[BlackElo "2722"]
[Annotator "Almasi,Z"]
[PlyCount "117"]
[EventDate "2016.09.02"]
[EventType "team-swiss"]
[EventRounds "11"]
[EventCountry "AZE"]
[SourceTitle "CBM 175"]
[Source "ChessBase"]
[SourceDate "2016.11.10"]
[SourceVersion "1"]
[SourceVersionDate "2016.11.10"]
[SourceQuality "1"]
[WhiteTeam "Hungary"]
[BlackTeam "Azerbaijan"]
[WhiteTeamCountry "HUN"]
[BlackTeamCountry "AZE"]

{The game was played at the Olympiad in round 3, Azerbaijan vs Hungary.} 1. e4
e6 {The first little surprise. In the last couple of years Teimour has played
the Berlin Defense mostly, but of course he has played the French a lot in the
past.} 2. d4 d5 3. Nd2 {The French was not in my vision at the preparation and
I tried to avoid Teimour's preparation. Likely I also had something up my
sleeve...} c5 4. exd5 Qxd5 5. Ngf3 cxd4 6. Bc4 Qd6 7. O-O Nf6 8. Nb3 Nc6 9.
Nbxd4 Nxd4 10. Nxd4 a6 {The good old line. Here White has several options and
setups. Like putting the bishop on b3 and keeping up the pressure on e6 or
playing with Re1 or anything else with the power of surprise.} 11. Re1 Qc7 12.
Bf1 {I already played this line against Goganov in the Haaselbachen Open and I
managed to win the game. Of course since I played this game in May, I had done
some analysis. The other options are 12.Bd3, 12.Bb3 or 12.Qe2.} Bd6 {Because
neither of us had checked this line before the game,Teimour also was not sure
about his decision. 12...Be7 is more solid:} (12... Be7 13. Qf3 O-O 14. Bf4 Bd6
15. Bxd6 Qxd6 16. Rad1 Qc7 17. Qg3 (17. c4 Bd7 18. h3 Rfd8 19. Qe3 h6 20. g3 b5
21. Bg2 Rac8 22. cxb5 axb5 23. Rc1 Qd6 24. a3 b4 25. axb4 Qxb4 26. b3 Be8 27.
Rxc8 Rxc8 28. Ra1 Rc3 29. Qf4 Qc5 30. Qd2 e5 31. Nf5 e4 32. Qd4 Qxd4 33. Nxd4
Rd3 34. Nf5 Bd7 35. Ne3 Rxb3 36. Rd1 Bb5 37. Rd8+ Kh7 38. Rb8 Rb1+ 39. Bf1 Bd3
40. Rxb1 Bxb1 41. Bc4 Kg8 42. Kg2 Nd7 43. g4 Ne5 44. Bd5 g6 45. Kg3 Kg7 46. Nc4
Ba2 47. Nxe5 Bxd5 48. Kf4 g5+ 49. Ke3 Kf6 50. Nd7+ Ke6 51. Nc5+ Kd6 52. Nxe4+
Ke5 53. Ng3 Be6 54. Nh5 f5 55. f4+ gxf4+ 56. Nxf4 fxg4 57. Nxe6 Kxe6 {1/2 (57)
Tomashevsky,E (2728)-Harikrishna,P (2753) Huai'an CHN 2016}) 17... Qxg3 {
1/2 (17) Baklan,V (2618)-Vitiugov,N (2728) Biel SUI 2016}) 13. g3 {I
remembered that something like Nf5 is good and is a possiblemove, but I could
not remember the games and the exact lines. That is why I chose the text and
not h3, because the bishop has a nice diagonal on h1-a8, which is not
aggressive, but very human and still has the opportunity to fight for an
advantage.} (13. Nf5 $5 Bxh2+ 14. Kh1 O-O (14... Kf8 15. Qd4 exf5 16. Qxf6 h6
17. Qd4 Bd6 18. Bc4 Bd7 19. b3 Qc5 20. Qh4 (20. Qd3 $5 b5 21. Ba3 bxc4 22. Bxc5
cxd3 23. Bxd6+ Kg8 24. c4 $14) 20... b5 21. Be3 Qc7 22. Bd5 Bc6 23. Rad1 Kg8
24. Qh5 Bxd5 25. Rxd5 g6 26. Qd1 Bf8 27. Bd4 Rh7 28. Bf6 Qb6 29. Bd4 Qc6 30.
Bb2 f6 31. Rd8 Rxd8 32. Qxd8 Rf7 33. Re8 Qxc2 34. Ba3 b4 35. Bxb4 Qc1+ 36. Re1
Qc7 37. Qxc7 Rxc7 38. Re8 Rf7 39. Ra8 Kg7 40. Bxf8+ Rxf8 41. Rxa6 g5 42. b4 Rd8
43. b5 Rd2 44. b6 Rb2 45. g3 Kg6 46. Kg2 h5 47. a4 f4 48. gxf4 g4 49. a5 h4 50.
Ra8 Kf5 51. Rh8 h3+ 52. Kg3 Rb3+ 53. Kh2 Rb2 54. a6 Rxf2+ 55. Kg1 g3 56. Rxh3
Kg4 57. Rh8 Rb2 58. a7 Rb1+ 59. Kg2 Rb2+ 60. Kf1 g2+ 61. Kg1 Kg3 62. Rg8+ Kh3
63. a8=Q {1-0 (63) Shankland,S (2656)-Chandra,A (2477) Saint Louis USA 2016})
15. Nxg7 Rd8 16. Bd3 (16. Qf3 Kxg7 17. Bh6+ Kg6 18. Bd3+ Rxd3 19. cxd3 Nh5 20.
Rac1 Qe7 21. Kxh2 Kxh6 22. Re5 f5 23. Kg1 Qb4 24. Rc7 Rb8 25. Qe3+ Kg6 26. Rec5
b6 27. Rc4 Qf8 28. Rxc8 Rxc8 29. Qxe6+ Kg5 30. Rxc8 Qb4 31. Rg8+ {1-0 (31) Xu
Huahua (2125)-Jiang,Z (1891) Zhongshan CHN 2013}) 16... Kxg7 17. Qd2 Bf4 (17...
Ng8 18. Qg5+ Kh8 19. f4 f6 20. Qh4 Qg7 (20... Bxf4 21. Bxf4 Qg7 22. Re3 e5 23.
Rg3 $40 Qf7) 21. Kxh2 Bd7 22. Re3 Qh6 23. Rh3 Qxh4 24. Rxh4 h6 25. Rh3 $16) 18.
Qxf4 Qxf4 19. Bxf4 Nd5 20. Bd2 f6 21. Re4 e5 22. Rh4 f5 23. f3 Nf6 24. Bc3 Bd7
25. Bxe5 Re8 26. Bxf6+ Kxf6 27. Rxh7 Bc6 28. Kg1 Rad8 29. Kf2 Bb5 30. Rd1 Rc8
31. Rd2 Bc6 32. Rh5 Bd7 33. Re2 Rxe2+ 34. Kxe2 Rg8 35. Kf2 Rg7 36. f4 Be6 37.
g3 {1-0 (37) Tomashevsky,E (2728)-Wang Hao (2717) Huai'an CHN 2016}) 13... O-O
14. Bg5 Be5 {Here Black already started to use his time and tried to find the
best way. This was a logical move, but there are a couple of lines, where
Black had to choose between a sharp or worse position, which is not a happy
thing to have to do in a team event.} 15. c3 {I was still in my book.} Nd5 (
15... h6 {was the critical line.} 16. Nf3 $1 Bxc3 17. Rc1 $1 hxg5 18. Rxc3 {
with an unclear position, but with a dangerous black king structure, and who
likes it when the opponent is attacking your king?!}) 16. Bg2 {This was the
first point when I spent more time on my position, because I wanted to find
the best move to get an advantage. I calcuated several lines, but after 40
minutes thinking decided to play Bg2 and not sacrifice any material without
seeing good compensation.} (16. c4 {was my first idea... which could be the
most logical reaction to ...Nd5:} Nf6 {this was my problem, where I did not
see how to continue. Now my knight does not have a safe place on d4 and ...Rd8
is threatening, followed by ...Bxb2. So I would give up too many squares with
16.c4.} (16... Bf6 17. cxd5 Bxg5 18. dxe6 {This is a clear pawn up for White,
Qb3 is coming}) (16... Nb6 $2 17. Nf3 $1) 17. Nf3 Bxb2 18. Rb1 Ba3 {Here maybe
I have compensation, but it is not neccessary to do this.}) (16. Nf3 Bf6 ({
but also possible is} 16... Bd6)) 16... h6 17. Bd2 Nf6 {This was too
circumspect! Black tries to defend against the white queen running to h5 or g4
and attacking the black king, but loses a tempo.} (17... Bxd4 18. cxd4 Bd7 {
could be a logical alternative, but you should see the point after} 19. Qg4 Bc6
$1 20. Bxh6 f5 21. Qg5 {The position is unclear, both sides have chances.}) (
17... b5 18. Qg4 $40 {followed by Qh4 or Qh5 in the event of ...Kh8.} Kh8 19.
Qh5) 18. Qf3 {I tried to develop my pieces and to protect against the black
plan of ...Bd7. Also putting some pressure on the h6-pawn in case Black would
like to exchange the d4-knight.} (18. Qe2 Bxd4 19. cxd4 Bd7) 18... Rd8 (18...
Bd6 {was an interesting alternative to help the bishop escape from e5 while
not blundering the h6-pawn:} 19. Rad1 {Probably White is little bit better,
with a nice playable position.} (19. Bxh6 $2 e5 20. Nf5 e4 (20... gxh6 21.
Nxh6+ Kg7 22. Nf5+ $11) 21. Rxe4 Nxe4 22. Bxg7 Bxf5 23. Bxf8 Bg6)) 19. Rac1 (
19. Nb3 {was an alternative with the idea of c4-Ba5 later and just to protect
against the black plans.}) 19... Nd5 {The knight move again. It was not easy
to develop the c8-bishop, that is why Teimour decided to close the long
diagonal and was trying to play ...b5 or ...Bd7.} 20. Qg4 $14 {But now the
black knight does not control the g4-square anymore, I have chances to put
pressure on the black king.} f5 $2 {This was too scary and the black position
becomes very weak.} (20... Bf6 {was the right move! The h6-pawn does not hang
because ...e5 is coming.}) 21. Qe2 Bxd4 22. cxd4 Qf7 {Now Black is completely
punctured on the black squares, and he has a big weakness on e6 and still
difficulties to develop his bishop. The only piece which holds the black
position together is the d5-knight, but not for long.} 23. Qe5 {Centralising
the queen is always a good idea..} Bd7 (23... b6 24. Rc6) {Now the time has
come.} 24. Bxd5 exd5 25. Rc7 {Entering to the 7th rank, pinning the bishop and
causing trouble in the black position.} Re8 26. Qd6 Rxe1+ 27. Bxe1 Qe6 28. Bb4
$1 {A very strong move, but here I almost missed my winning chances, because I
did not see what would happen after 28.Qxd7. But I triple checked and I found
the defence for Black, which was not difficult.} (28. Qxd7 Qxe1+ 29. Kg2 Qe4+
30. f3 Qxd4 $1 {of course not} (30... Qe2+ 31. Kh3 Qf1+ 32. Kh4 g5+ 33. Kh5
Qxf3+ 34. Kg6 {getting mated.})) 28... Qxd6 (28... Rd8 $2 29. Qe7 {winning a
piece.}) 29. Bxd6 {We have opposite coloured bishops, but the quality gap
between the pieces will decide the fate of the game.} Be8 (29... Rd8 30. Be7) (
29... Bc6 30. Be5) 30. Be5 g5 31. Rg7+ {A check to chase the black king to a
bad place.} Kf8 32. Rxb7 h5 33. b3 {To prepare for a5. To stabilise the black
a-pawn on a dark square and not let the e8-bishop get out into the game.} ({
I had an idea to close out the black rook, but after ...a5 it can escape:} 33.
Bb8 a5 34. b3 Ra6) (33. Bg7+ Kg8 34. Bh6 g4) 33... Rc8 34. Bg7+ Kg8 35. Bh6 g4
{Threatening ...Bb5.} 36. a4 $1 Rc6 37. Bf4 {White is a pawn up, has a safe
king and a great bishop. This should be enough to convert the position into a
full point.} Rc2 38. Re7 Bf7 39. Rb7 {I just did not want to decide on any
forced line before move 40.} (39. Ra7 Rb2 40. Rxa6 Rxb3 41. Ra8+ Kh7 42. a5 {
This was easily winning.}) 39... Rb2 40. Rb8+ Kh7 {I could completely close
out the light-squared bishop, and it was time to push my pawns.} 41. b4 (41.
Kf1 {Maybe could be better to run out with the king from the danger zone and
then pushing the pawns:} Rb1+ 42. Ke2 Rb2+ 43. Ke3) 41... Ra2 42. a5 {I know,
this looks ugly, but the black bishop can not get into the play.} (42. b5 $2
Rxa4 43. b6 Rb4 {and it's not easy to convert the pawn.}) 42... Ra1+ 43. Kg2
Rb1 44. Be5 $1 Be6 {He can not bring the bishop to g6, because he is always
geting mated on h8.} 45. Rb6 $1 Bf7 46. Rxa6 {I had to calculate the line
precisely to win the game.} Be8 {Of course. Finally the bishop comes out, but
not in time.} 47. Ra7+ Kh6 48. Rb7 $1 Ba4 49. Rb6+ Kh7 50. f4 $1 {An important
move! Black does not have mating threats any more.} h4 51. gxh4 {The only and
safest way.} (51. a6 h3+ 52. Kf2 Rb2+ 53. Ke1 Rb1+ (53... Rxh2 54. Rb7+ Kh6 55.
a7 Rh1+ 56. Kf2 $1 h2 57. Kg2 $1) 54. Kd2 Rb2+ 55. Kc1 Rxh2 $11 {and only
equality!!}) 51... Rb2+ 52. Kg1 Rb1+ 53. Kf2 Rb2+ 54. Ke1 Rb1+ 55. Kd2 Rb2+ 56.
Kc1 Rxh2 (56... Rc2+ {this could be a better try, but is also losing:} 57. Kb1
Rxh2 58. Rb8 Bc2+ 59. Kc1 Bd3 60. b5 g3 61. h5 Rxh5 62. a6 $18) 57. Rb8 Rc2+
58. Kb1 Kg6 {Otherwise h5 is coming and there is no defence against mate on h8.
} 59. a6 1-0

[Event "Olympiad-42"]
[Site "Baku"]
[Date "2016.09.06"]
[Round "5.2"]
[White "Adhiban, Baskaran"]
[Black "Radjabov, Teimour"]
[Result "1/2-1/2"]
[WhiteElo "2671"]
[BlackElo "2722"]
[Annotator "Adhiban,B"]
[PlyCount "73"]
[EventDate "2016.09.02"]
[EventType "team-swiss"]
[EventRounds "11"]
[EventCountry "AZE"]
[SourceTitle "CBM 175"]
[Source "ChessBase"]
[SourceDate "2016.11.10"]
[SourceVersion "1"]
[SourceVersionDate "2016.11.10"]
[SourceQuality "1"]
[WhiteTeam "India"]
[BlackTeam "Azerbaijan"]
[WhiteTeamCountry "IND"]
[BlackTeamCountry "AZE"]

{This game will remain memorable for me as I was facing off against one of my
KID idols!} 1. d4 d5 ({After the game I told Radja, "You should play KID more :
), I was inspired to take up the mantle thanks to your spectacular results!"} 
1... Nf6) 2. c4 e6 3. Nf3 Nf6 4. Nc3 Be7 5. Bf4 O-O 6. Rc1 $5 {An interesting
and safe line, perfect for team events :).} c5 7. dxc5 dxc4 8. e3 (8. Qxd8 Rxd8
{is another line which also should be fine for Black.}) 8... Qxd1+ 9. Rxd1 Bxc5
10. Bxc4 Bb4 $5 {An interesting concept which more or less fixes the line for
Black.} 11. O-O Bxc3 12. bxc3 b6 {White can't hope to get an advantage due to
the slightly weakened pawn structure.} 13. Bd6 Re8 14. Bb5 (14. Ne5 Ba6 $11) (
14. Nd4 Ba6 15. Nb5 Rc8 16. Be2 Bxb5 17. Bxb5 Nbd7 $11) 14... Bd7 15. Be2 $1 {
The key idea, now the bishop is misplaced on d7.} Nc6 16. Rc1 $5 {Since the
direct way didn't work I had to switch gear.} ({Another option was} 16. Ne5
Red8 $5 {looked like the simplest.} ({Also possible is} 16... Nxe5 17. Bxe5 Bc6
(17... Red8 18. Rd4 Bc6 19. c4 $36) 18. Rd6 Rac8 19. Ba6 Ne4 $1 20. Rd4 Rcd8
$11) 17. Nxd7 (17. Bf3 Rac8) 17... Rxd7 18. Bg3 Na5 $11) (16. c4 Ne4 $11) 16...
Ne4 17. Ba3 (17. Rfd1 {was my first intention but after} Nxd6 18. Rxd6 Re7 $1 {
[%cal Gd7e8,Ge7c7] Black gets fantastic coordination and ideal piece locations
and has chances to take over since White will not be in time to get rid of the
c-pawn.} 19. c4 Na5 $132) 17... Rec8 (17... Rac8 18. Bd3 (18. Rfd1 Nb8 $1 $11)
18... f5 {A necessary evil.} (18... Nf6 19. Ba6) 19. c4 {White's position
looks more comfortable but after} Na5 20. Ne5 Red8 21. Bxe4 fxe4 22. c5 Bb5 23.
Rfe1 Nc6 $11 {Black liquidates.}) 18. Rfd1 Be8 19. Bd3 Nc5 20. Bxc5 bxc5 {
I was under the impression that I had a slight pull but it is really tiny.} 21.
Rb1 (21. Ng5 h6 22. Ne4 Ne5 23. Ba6 Rc7 24. Rb1 Ba4 $1 {Black looked totally
fine here.}) (21. Be4 Rab8 $11) 21... h6 (21... Rab8 {looked much easier.} 22.
Kf1 {and only now} (22. Ba6 Rd8 $11) 22... h6 $11) 22. Ba6 ({White's best
chance lay in} 22. Rb5 $1 Nd8 23. Rb2 {with a slight initiative due to more
active pieces.}) 22... Rd8 23. Nd2 Ne5 24. Ne4 c4 (24... Rxd1+ 25. Rxd1 Ba4 26.
Rd2 Rb8 27. h3 {looked more comfortable for White, but Black has} Nd7 $1 {
with equality.}) (24... Rab8 25. Nxc5) 25. Nd6 Rab8 $1 {A strong retort,
equalising easily.} (25... Ba4 26. Rd4 Bc2 27. Rb7 Nc6 28. Rd2 $14) 26. Rxb8
Rxb8 27. Nxe8 (27. Nxc4 Ba4 $1 28. Ra1 (28. Rc1 $2 Nd3 {[%csl Ra6]}) 28... Nxc4
29. Bxc4 Rc8 30. Bb3 Bxb3 31. axb3 Rxc3 $11) 27... Rxe8 28. h3 (28. f4 Ng4 29.
e4 e5 $11) 28... Rb8 29. Rd4 (29. f4 Rb6 30. Rd8+ Kh7 31. Bc8 {This was my
intention but looked little bit risky, I was running bit short of time and we
were already on 2-0 so I decided to stay solid.}) 29... Rb1+ 30. Kh2 Rb2 31.
Kg3 Rxa2 32. Bxc4 Rc2 (32... Ra3 $5 33. f4 (33. Rd8+ Kh7 34. Rc8 g5 {with an
interesting endgame.}) 33... Ng6 (33... Nc6 34. Rd6) 34. Rd8+ Kh7 35. f5 $1 (
35. Bd3 Rxc3) 35... exf5 36. Bxf7 h5 $11) 33. Bd3 Nxd3 34. Rxd3 a5 35. Rd8+ Kh7
36. Ra8 Rxc3 37. Rxa5 {Thanks to the stunning victories on Board 1 & 3 by Hari
and Vidit, we won the match convincingly.} 1/2-1/2

[Event "Olympiad-42"]
[Site "Baku"]
[Date "2016.09.09"]
[Round "7.2"]
[White "Radjabov, Teimour"]
[Black "Palac, Mladen"]
[Result "1-0"]
[WhiteElo "2722"]
[BlackElo "2623"]
[PlyCount "105"]
[EventDate "2016.09.02"]
[EventType "team-swiss"]
[EventRounds "11"]
[EventCountry "AZE"]
[SourceTitle "CBM 175"]
[Source "ChessBase"]
[SourceDate "2016.11.10"]
[SourceVersion "1"]
[SourceVersionDate "2016.11.10"]
[SourceQuality "1"]
[WhiteTeam "Azerbaijan"]
[BlackTeam "Croatia"]
[WhiteTeamCountry "AZE"]
[BlackTeamCountry "CRO"]

1. d4 Nf6 2. c4 e6 3. g3 Bb4+ 4. Bd2 Be7 5. Bg2 d5 6. Nf3 c6 7. Qc2 b6 8. O-O
Ba6 9. b3 Nbd7 10. Rd1 Rc8 11. a4 c5 12. a5 b5 13. cxd5 Nxd5 14. Qb2 O-O 15. e4
N5f6 16. e5 Nd5 17. Nc3 Nxc3 18. Qxc3 b4 19. Qe3 c4 20. bxc4 Bxc4 21. Rdb1 Rb8
22. Be1 Rb5 23. Nd2 Bd5 24. Nb3 Nb8 25. Bf1 Rb7 26. Nc5 Bxc5 27. a6 Nc6 28.
dxc5 Rb8 29. Ra4 Qd7 30. Raa1 b3 31. Rb2 Rfc8 32. Rab1 h6 33. f4 Ne7 34. Bf2
Qa4 35. Qe2 Be4 36. Rd1 Bc2 37. Rd2 Qa1 38. Rbxc2 bxc2 39. Rxc2 Rb1 40. Kg2 Qa4
41. Rd2 Nd5 42. f5 Rcb8 43. f6 R8b3 44. Rd4 Qc6 45. Kh3 R3b2 46. Qg4 g5 47. Qh5
Kf8 48. Qxh6+ Ke8 49. Qxg5 Rxf2 50. Qg8+ Kd7 51. Qxf7+ Kc8 52. Qg8+ Kc7 53.
Qh7+ 1-0

[Event "Olympiad-42"]
[Site "Baku"]
[Date "2016.09.10"]
[Round "8.2"]
[White "Kovalenko, Igor"]
[Black "Radjabov, Teimour"]
[Result "1/2-1/2"]
[WhiteElo "2651"]
[BlackElo "2722"]
[PlyCount "73"]
[EventDate "2016.09.02"]
[EventType "team-swiss"]
[EventRounds "11"]
[EventCountry "AZE"]
[SourceTitle "CBM 175"]
[Source "ChessBase"]
[SourceDate "2016.11.10"]
[SourceVersion "1"]
[SourceVersionDate "2016.11.10"]
[SourceQuality "1"]
[WhiteTeam "Latvia"]
[BlackTeam "Azerbaijan"]
[WhiteTeamCountry "LAT"]
[BlackTeamCountry "AZE"]

1. c4 g6 2. d4 Bg7 3. Nc3 Nf6 4. e4 d6 5. Be2 O-O 6. Bg5 c5 7. d5 e6 8. Qd2
exd5 9. exd5 Qb6 10. Nf3 Bf5 11. O-O Ne4 12. Nxe4 Bxe4 13. Rae1 Nd7 14. b3 Rfe8
15. Qc1 Bxf3 16. Bxf3 Qa5 17. a4 Qb4 18. Qd1 Bc3 19. Re7 Rxe7 20. Bxe7 Be5 21.
Bg5 Re8 22. h4 Bd4 23. g3 Qc3 24. Kg2 Qb2 25. Bc1 Qa2 26. h5 Ne5 27. Be2 Kg7
28. Kh3 f5 29. Kg2 b6 30. Qd2 Qxd2 31. Bxd2 Nd7 32. Bf3 Ne5 33. hxg6 hxg6 34.
Be2 Nd7 35. Bf3 Ne5 36. Be2 Nd7 37. Bf3 1/2-1/2

[Event "Olympiad-42"]
[Site "Baku"]
[Date "2016.09.13"]
[Round "11.1"]
[White "Atabayev, Maksat"]
[Black "Radjabov, Teimour"]
[Result "1/2-1/2"]
[WhiteElo "2485"]
[BlackElo "2722"]
[PlyCount "54"]
[EventDate "2016.09.02"]
[EventType "team-swiss"]
[EventRounds "11"]
[EventCountry "AZE"]
[SourceTitle "CBM 175"]
[Source "ChessBase"]
[SourceDate "2016.11.10"]
[SourceVersion "1"]
[SourceVersionDate "2016.11.10"]
[SourceQuality "1"]
[WhiteTeam "Turkmenistan"]
[BlackTeam "Azerbaijan"]
[WhiteTeamCountry "TKM"]
[BlackTeamCountry "AZE"]

1. e4 g6 2. d4 Bg7 3. Nf3 d6 4. Nc3 a6 5. Bd3 Bg4 6. Be3 Nc6 7. Be2 Nf6 8. h3
Bxf3 9. Bxf3 O-O 10. O-O e5 11. dxe5 dxe5 12. Ne2 Qe7 13. c3 Rfd8 14. Qc2 h5
15. Rad1 Kh7 16. Qc1 Qf8 17. g4 hxg4 18. hxg4 Qe7 19. g5 Nd7 20. Rd5 Nb6 21.
Bxb6 cxb6 22. Qe3 Qc7 23. Rfd1 Ne7 24. R5d2 Nc6 25. Rd5 Ne7 26. R5d2 Nc6 27.
Rd5 Ne7 1/2-1/2

[Event "ESP-chT Div Honor"]
[Site "Monzon"]
[Date "2016.09.26"]
[Round "1.3"]
[White "Inarkiev, Ernesto"]
[Black "Radjabov, Teimour"]
[Result "1/2-1/2"]
[WhiteElo "2732"]
[BlackElo "2722"]
[PlyCount "75"]
[EventDate "2016.09.26"]
[EventType "team-tourn"]
[EventRounds "7"]
[EventCountry "ESP"]
[SourceTitle "CBM 174 Extra"]
[Source "ChessBase"]
[SourceDate "2016.10.10"]
[SourceVersion "1"]
[SourceVersionDate "2016.10.10"]
[SourceQuality "1"]
[WhiteTeam "Merida Patrimonio"]
[BlackTeam "Sestao Fundacion EDP"]
[WhiteTeamCountry "ESP"]
[BlackTeamCountry "ESP"]

1. d4 Nf6 2. c4 g6 3. Nc3 Bg7 4. e4 d6 5. Nf3 O-O 6. Be2 e5 7. Be3 exd4 8. Nxd4
Re8 9. f3 c6 10. Bf2 d5 11. exd5 cxd5 12. O-O Nc6 13. c5 Bf8 14. Kh1 Bd7 15.
Qd2 Rc8 16. Nb3 d4 17. Nxd4 Bxc5 18. Nxc6 Rxc6 19. Bxc5 Rxc5 20. Rad1 Qe7 21.
Qd4 Qe5 22. Bc4 Qxd4 23. Rxd4 b5 24. Bb3 Be6 25. Re1 a5 26. h4 Bd7 27. Rxe8+
Bxe8 28. a3 Kf8 29. Kg1 Ke7 30. g4 h6 31. Kf2 Bc6 32. Rf4 Re5 33. Rd4 Rc5 34.
Rf4 Re5 35. Rd4 Rc5 36. Ke3 Re5+ 37. Kf2 Rf5 38. Rd3 1/2-1/2

[Event "ESP-chT Div Honor"]
[Site "Monzon"]
[Date "2016.09.27"]
[Round "2.1"]
[White "Radjabov, Teimour"]
[Black "Cheparinov, Ivan"]
[Result "1/2-1/2"]
[WhiteElo "2722"]
[BlackElo "2677"]
[PlyCount "95"]
[EventDate "2016.09.26"]
[EventType "team-tourn"]
[EventRounds "7"]
[EventCountry "ESP"]
[SourceTitle "CBM 174 Extra"]
[Source "ChessBase"]
[SourceDate "2016.10.10"]
[SourceVersion "1"]
[SourceVersionDate "2016.10.10"]
[SourceQuality "1"]
[WhiteTeam "Sestao Fundacion EDP"]
[BlackTeam "Magic Extremadura"]
[WhiteTeamCountry "ESP"]
[BlackTeamCountry "ESP"]

1. d4 Nf6 2. c4 e6 3. Nf3 d5 4. g3 dxc4 5. Bg2 Nc6 6. O-O Rb8 7. e3 b5 8. b3
cxb3 9. axb3 Be7 10. Qe2 O-O 11. Bd2 Bb7 12. Rc1 a6 13. Ne1 Nb4 14. Bxb7 Rxb7
15. Bxb4 Bxb4 16. Rxa6 Qd5 17. Qc2 Bxe1 18. Rxe1 Rb6 19. Nc3 Qc6 20. Ra2 h5 21.
Ne2 Qf3 22. Nf4 Rc6 23. Qe2 Qxe2 24. Nxe2 Nd5 25. Rc1 Rxc1+ 26. Nxc1 Nb4 27.
Ra5 Rb8 28. Ne2 e5 29. dxe5 Nc6 30. Ra1 Nxe5 31. Rc1 Ra8 32. Rxc7 Nf3+ 33. Kg2
Ne1+ 34. Kf1 Nf3 35. Nd4 Nxh2+ 36. Kg2 Ng4 37. Rc2 b4 38. Nc6 Ra6 39. Nxb4 Rb6
40. Rc4 g5 41. Re4 Kg7 42. Rd4 Kg6 43. e4 f6 44. f3 Ne5 45. Nd3 Rxb3 46. Nxe5+
fxe5 47. Rd6+ Kg7 48. Rd7+ 1/2-1/2